| 000 | 00453nam a2200169Ia 4500 | ||
|---|---|---|---|
| 005 | 20250424120313.0 | ||
| 008 | 250424s9999 xx 000 0 und d | ||
| 022 | _a15961907 | ||
| 050 | _aHD 30.42.N5 .N54/ | ||
| 245 | 0 | _aNigerian journal of management research | |
| 260 | _aEnugu, Nigeria | ||
| 260 | _bKaltrox images Ltd | ||
| 260 | _c2017 | ||
| 300 | _a200 p. :ill. 24 cm | ||
| 650 | _aManagement--Research--Nigeria--Periodicals. | ||
| 942 | _cSR | ||
| 999 |
_c38549 _d38549 |
||